| 000 | 00528nam a22002057a 4500 | ||
|---|---|---|---|
| 999 |
_c16726 _d16726 |
||
| 003 | OSt | ||
| 005 | 20180523110849.0 | ||
| 008 | 180523b ||||| |||| 00| 0 eng d | ||
| 027 | _q9780582405486 | ||
| 040 | _aSEKU | ||
| 050 |
_aHB 171 _b.G7 |
||
| 100 | _aGrant SJ | ||
| 245 |
_aStanlake's introductory economics _c SJ Grant |
||
| 250 | _a7ed. | ||
| 260 |
_aHarlow : _b Longman, _c2000. |
||
| 300 |
_a646 p.: _bill. ; |
||
| 504 | _ainclude bibliographical references and index | ||
| 650 | _aEconomics. | ||
| 942 |
_2lcc _cGEN |
||